[Event "Kuwait Blitz (Women) op"]
[Site "Kuwait"]
[Date "2023.12.01"]
[Round "3"]
[White "Al Aisaee, Anat"]
[Black "Abdulzahra, Sali Abbas"]
[Result "1-0"]
[WhiteElo "1493"]
[BlackElo "1730"]
[PlyCount "45"]
[EventDate "2023.12.01"]
[EventType "swiss (blitz)"]
[EventRounds "9"]
[EventCountry "KUW"]
[SourceTitle "CB50_2023"]
[SourceDate "2023.12.13"]
[SourceVersion "1"]
[SourceVersionDate "2023.12.13"]
[SourceQuality "1"]

1. e4 e6 2. d4 d5 3. Nd2 dxe4 4. Nxe4 Nd7 5. Nf3 Ngf6 6. Bd3 Be7 7. 0-0 0-0 8. Re1 Nxe4 9. Bxe4 Nf6 10. Bd3 b6 11. Ne5 Bb7 12. c3 c5 13. dxc5 Bxc5 14. Bg5 h6 15. Bh4 Qe7 16. Qe2 Rad8 17. Rad1 Bd5 18. Ng4 g5 19. Nxh6+ Kh8 20. Bxg5 Ba8 21. Qe5 Kg7 22. Ng4 Rxd3 23. Bxf6+ 1-0

[Event "Arab-ch U20 Girls"]
[Site "Baghdad"]
[Date "2022.03.13"]
[Round "3"]
[White "Abdulzahra, Sali Abbas"]
[Black "Murad, Fatema Alzahraa"]
[Result "1-0"]
[WhiteElo "1866"]
[BlackElo "1840"]
[PlyCount "73"]
[EventDate "2022.03.10"]
[EventType "tourn"]
[EventRounds "7"]
[EventCountry "IRQ"]
[SourceTitle "EXT 2023"]
[Source "ChessBase"]
[SourceDate "2022.10.05"]
[SourceVersion "1"]
[SourceVersionDate "2022.10.05"]
[SourceQuality "1"]

1. e4 e6 2. d4 d5 3. exd5 exd5 4. Nf3 Bd6 5. Bd3 Nc6 6. c3 Bg4 7. Nbd2 Nge7 8. Nf1 Qd7 9. Ng3 f6 10. h3 Be6 11. Qc2 g6 12. Bd2 0-0-0 13. 0-0-0 Bxg3 14. fxg3 Bf5 15. g4 Bxd3 16. Qxd3 Na5 17. Bf4 Qa4 18. Kb1 g5 19. Bg3 h6 20. Nd2 Nc4 21. Nxc4 Qxc4 22. Qe3 Rhe8 23. Qe6+ Kb8 24. Qxf6 Ng8 25. Qf3 Ne7 26. Rhe1 Ng6 27. Re3 Nf4 28. Bxf4 gxf4 29. Qxf4 Rf8 30. Qg3 Rf6 31. Qh4 Qa6 32. Rde1 Kc8 33. g5 hxg5 34. Qg4+ Kb8 35. Qxg5 Kc8 36. Qg4+ Kb8 37. Qe2 1-0

[Event "IRQ-ch (Women)"]
[Site "Baghdad"]
[Date "2021.10.31"]
[Round "7"]
[White "Nabaa Sami, Abbas Al Attra"]
[Black "Abdulzahra, Sali Abbas"]
[Result "1/2-1/2"]
[WhiteElo "1807"]
[BlackElo "1919"]
[PlyCount "52"]
[EventDate "2021.10.27"]
[EventType "tourn"]
[EventRounds "13"]
[EventCountry "IRQ"]
[SourceTitle "EXT 2023"]
[Source "ChessBase"]
[SourceDate "2022.10.05"]
[SourceVersion "1"]
[SourceVersionDate "2022.10.05"]
[SourceQuality "1"]

1. d4 d5 2. Bf4 Nf6 3. e3 e6 4. Nf3 Bd6 5. Bg3 0-0 6. Bd3 b6 7. Nbd2 Ba6 8. 0-0 Bxd3 9. cxd3 c5 10. dxc5 Bxc5 11. d4 Bb4 12. Rc1 Nbd7 13. Qa4 a5 14. a3 Bxd2 15. Nxd2 Rc8 16. Rc6 Rxc6 17. Qxc6 Qa8 18. Qxa8 Rxa8 19. Rc1 Ne8 20. Kf1 f6 21. Nf3 Kf7 22. Ke2 Ke7 23. Rc6 g5 24. h3 Ra7 25. Nd2 Rb7 26. f3 e5 1/2-1/2

[Event "Asia Nations online Cup (Women)"]
[Site "Chess.com INT"]
[Date "2020.10.11"]
[Round "2.7"]
[White "Abdulzahra, Sali Abbas"]
[Black "Frayna, Janelle Mae"]
[Result "0-1"]
[WhiteElo "1911"]
[BlackElo "2179"]
[PlyCount "130"]
[EventDate "2020.10.11"]
[EventType "team-swiss (rapid)"]
[EventRounds "9"]
[EventCountry "IND"]
[SourceTitle "CBM 198 Extra"]
[Source "ChessBase"]
[SourceDate "2020.11.30"]
[SourceVersion "1"]
[SourceVersionDate "2020.11.30"]
[SourceQuality "1"]
[WhiteTeam "Iraq (W)"]
[BlackTeam "Philippines (W)"]
[WhiteTeamCountry "IRQ"]
[BlackTeamCountry "PHI"]

1. e4 c6 2. d4 d5 3. exd5 cxd5 4. Bd3 Nf6 5. h3 Nc6 6. c3 e5 7. dxe5 Nxe5 8. Qe2 Qe7 9. Bc2 Nc6 10. Be3 g6 11. Nf3 Bg7 12. 0-0 0-0 13. Re1 Qc7 14. Nbd2 Bd7 15. Nb3 Rfe8 16. Nbd4 a6 17. Qd2 Ne4 18. Qc1 Rac8 19. Bf4 Qd8 20. Nxc6 Bxc6 21. Bh6 Qb6 22. Be3 Qc7 23. Bf4 Qd7 24. Bh6 Bh8 25. Nd4 Ba4 26. Bxe4 dxe4 27. Be3 Bg7 28. Qd2 Rcd8 29. b3 Bb5 30. Rad1 Bd3 31. Nc2 Qc7 32. Bg5 f6 33. Bf4 Qc5 34. Nd4 f5 35. Be3 Qd5 36. c4 Qd7 37. Nc2 Bf6 38. Qc1 Qg7 39. Nb4 Bb2 40. Nxd3 Bxc1 41. Nxc1 g5 42. Ne2 f4 43. Bd4 Qf7 44. Nc3 e3 45. fxe3 fxe3 46. Bxe3 Rxd1 47. Nxd1 Qg6 48. Nf2 Qc2 49. Ng4 Qc3 50. Rf1 Rxe3 51. Nxe3 Qxe3+ 52. Kh1 Qe2 53. Rf5 h6 54. a3 Qd1+ 55. Kh2 Qxb3 56. Rf3 Qxc4 57. Kg1 b5 58. Kh2 a5 59. Kg1 b4 60. axb4 axb4 61. Kh2 b3 62. Kg1 b2 63. Kh2 b1Q 64. h4 Qxh4+ 65. Rh3 Qb8+ 0-1

[Event "Online Olym Div3 C"]
[Site "Chess.com INT"]
[Date "2020.08.08"]
[Round "4.2"]
[White "Smith, Olivia"]
[Black "Abdulzahra, Sali Abbas"]
[Result "1/2-1/2"]
[WhiteElo "2012"]
[BlackElo "1911"]
[PlyCount "87"]
[EventDate "2020.08.07"]
[EventType "team-tourn (rapid)"]
[EventRounds "9"]
[EventCountry "USA"]
[SourceTitle "CBM 198"]
[Source "ChessBase"]
[SourceDate "2020.10.31"]
[SourceVersion "1"]
[SourceVersionDate "2020.10.31"]
[SourceQuality "1"]
[WhiteTeam "Wales"]
[BlackTeam "Iraq"]
[WhiteTeamCountry "WLS"]
[BlackTeamCountry "IRQ"]

1. e4 e6 2. Qe2 c5 3. Nf3 Nc6 4. g3 g6 5. Bg2 Bg7 6. 0-0 Nge7 7. c3 0-0 8. d3 d5 9. Nbd2 d4 10. cxd4 Nxd4 11. Nxd4 cxd4 12. a4 e5 13. Nc4 Be6 14. b3 a6 15. a5 Bxc4 16. bxc4 Nc6 17. Bd2 Re8 18. f4 exf4 19. gxf4 b6 20. axb6 Qxb6 21. Rab1 Qc7 22. Qf3 Rab8 23. e5 Ne7 24. Bh3 Rxb1 25. Rxb1 Rb8 26. Qd1 Nf5 27. Bxf5 gxf5 28. Ra1 Qb7 29. Be1 Bh6 30. Bg3 Qc6 31. Rb1 Rb6 32. Rxb6 Qxb6 33. Qf3 Bf8 34. Bh4 a5 35. Bf6 h6 36. Qg2+ Kh7 37. Qd5 Qb1+ 38. Kg2 Qc2+ 39. Kh3 Qxd3+ 40. Kh4 Kg8 41. Qg2+ Kh7 42. Qd5 Kg8 43. Qg2+ Kh7 44. Qd5 1/2-1/2